Spectroscopy (Record no. 3909)

MARC details
000 -LEADER
fixed length control field 00482nam a2200181Ia 4500
003 - CONTROL NUMBER IDENTIFIER
control field IN-BaIIA
008 - FIXED-LENGTH DATA ELEMENTS--GENERAL INFORMATION
fixed length control field 211028s9999 xx 000 0 eng d
040 ## - CATALOGING SOURCE
Transcribing agency IIA Library
080 ## - UNIVERSAL DECIMAL CLASSIFICATION NUMBER
Universal Decimal Classification number 535.342
Item number BRO
245 #0 - TITLE STATEMENT
Title Spectroscopy
Statement of responsibility, etc. edited by D. R. Browning
260 ## - PUBLICATION, DISTRIBUTION, ETC.
Place of publication, distribution, etc. London
Name of publisher, distributor, etc. McGraw-Hill
Date of publication, distribution, etc. 1969
300 ## - PHYSICAL DESCRIPTION
Extent vii, 183p.
650 ## - SUBJECT ADDED ENTRY--TOPICAL TERM
Topical term or geographic name entry element Absorption Spectroscopy
9 (RLIN) 1788
650 ## - SUBJECT ADDED ENTRY--TOPICAL TERM
Topical term or geographic name entry element NASA Thesaurus
650 ## - SUBJECT ADDED ENTRY--TOPICAL TERM
Topical term or geographic name entry element Spectrosocpy
9 (RLIN) 6957
700 ## - ADDED ENTRY--PERSONAL NAME
Personal name Browning, D. R., ed.
9 (RLIN) 6958
942 ## - ADDED ENTRY ELEMENTS (KOHA)
Koha item type Books
Holdings
Withdrawn status Lost status Damaged status Not for loan Home library Current library Shelving location Date acquired Cost, normal purchase price Total Checkouts Full call number Barcode Date last seen Cost, replacement price Price effective from Koha item type Purchase Price
        IIA Library-Bangalore IIA Library-Kavalur General Stacks 02/05/1972 32.40   535.342/ BRO 4365 05/11/2021 32.40 02/05/1972 Books Rs. 32.40

Powered by Koha